000 01179nam a2200253 a 4500
003 DO-SdBNP
005 20260305073957.0
007 ta
008 221110e20142019dr aocbgr|||| 00| edspa d
020 _a9798732611397, v.1
020 _a9798730487093 v.2
040 _aDO-SdBNP
_bspa
_cBNPHU
082 4 _222
_bM516p
100 1 _925501
_aMejía, Manuel Antonio
245 1 0 _aPresidente, estadista y discípulo:
_bel líder más allá de las columnas dóricas palaciegas. /
_cManuel Antonio Mejía
260 _aSanto Domingo :
_b[s.n.],
_c2014 - 2019
300 _a2 v. :
_bil., fotograf., mapas, retr. ;
_c29 cm.
500 _aRecordemos el país que encontró el Presidente Leonel Fernández, al regresar a su terruño en su adolescencia, culminando la década de 1960 y empezando la de 1970.
505 _av. 1.
_tMás que una Biografía sobre Leonel Fernández
_gv.2.
_tExpresado en Imágenes. Obra de infraestructura (solo han sido tomados algunos ejemplares).
590 _aInventariado 2022 / MF
600 1 0 _aFernández, Leonel,
_d1953-
_vBiografía
_zRepública Dominicana
_97291
651 4 _981110
_aRepública Dominicana
_vEstadistas
_xBiografías
942 _2ddc
_cLBS1
999 _c52853
_d52853